Orientaciones pedagógicas para actividades de estimulación temprana (Registro nro. 8992)

Detalles MARC
000 -Cabecera
Campo de control interno 00509nam a2200181Ia 4500
005 - Fecha y hora del registro
control field 20260306160650.0
008 - Elementos de Longitud Fija
fixed length control field 260306t1976||||xx |||||||||||||| ||spa||
041 ## - Idioma
Codigo Idioma ESP
082 ## - DEWEY y NOTACIÓN INTERNA
Dewey 372.21
Notación Interna M61O
110 ## - AUTOR INSTTITUCIONAL
Autor Institucional Ministerio de Educación. DIGEBREI. Dirección de Educación Inicial
245 #0 - TÍTULO DE MATERIAL BIBLIOGRÁFICO
Título Orientaciones pedagógicas para actividades de estimulación temprana
260 ## - CIUDAD, EDITORIAL, AÑO
Año 1976
300 ## - DESCRIPCIÓN
N° Páginas 147 páginas :
Dimensiones 15 cm.
650 ## - TEMAS
Temas Generalidades
654 ## - PROGRAMAS
Programa Dpto. de Educación
942 ## - ELEMENTOS DE KOHA
Tipo de documento Libro
Nombre del creador Justo Noguera
Código de catalogador Justo Noguera
Esquema de clasificación Dewey Decimal Classification
Suppress in OPAC
Existencias
Codigo completo Registro Colección Copia número Disponibilidad Tipo de préstamo Biblioteca Actual Procedencia (Biblioteca) Ubicacón Fecha Ingreso Tipo de Adquisición Date last seen Total checkouts Price effective from Tipo de Item Estado del Material Fuente de Clasificación Damaged status Withdrawn status
372.21 M61O 1081583 Universidad Católica San Pablo 1 Disponible Disponible Víctor Andrés Belaunde Víctor Andrés Belaunde Planta baja abierta 03/06/2026 Donación 06/03/2026   06/03/2026 Libro Bueno Dewey Decimal Classification